000 00706nam a2200193 i 4500
001 162459
003 ES-MaACL
005 20250717081034.0
008 020916s1895 sp |||| | spa d
100 1 _aPortela González, Joaquín.
_9131292
245 1 0 _aAsma reflejo de origen nasal /
_cJoaquin Portela Gonzalez.
260 _aCádiz :
_b[s.n.],
_c1895 (
_fTalleres Tip. de Manuel Álvarez)
300 _a23 p. ;
_c21 cm.
502 _aTesis-Univ. Central, 1893.
650 4 _aAsma.
_9135639
710 2 _aUniversidad Central (Madrid).
_bFacultad de Medicina
_97093
852 _aES-MaACL
_jT-1447-F-10
_z- Enc. hol. conservando cub. original
_z- Enc. en un vol. facticio
999 _c162459
_d162459